Γεώργιος Ηλ. Μαδιάς : ο Γυμνασιάρχης
Saved in:
| Main Author: | |
|---|---|
| Format: | Book |
| Language: | Greek |
| Published: |
Χίος :
Φιλοτεχνικός Όμιλος Χίου,
1981
|
| Subjects: | |
| Tags: |
Add Tag
No Tags, Be the first to tag this record!
|
MARC
| LEADER | 00000cam a2200000 i 4500 | ||
|---|---|---|---|
| 001 | 1/9182 | ||
| 008 | 000801s1981 gre d | ||
| 035 | |l 10062958 | ||
| 040 | |a GR-MY-UA |b gre |e aacr | ||
| 041 | 1 | |a gre | |
| 082 | 0 | |a 920 | |
| 100 | 1 | |a Σπανός, Γρηγόρης Δ. | |
| 245 | 1 | 0 | |a Γεώργιος Ηλ. Μαδιάς : |b ο Γυμνασιάρχης / |c Γρηγόρη Δ. Σπανού |
| 260 | |a Χίος : |b Φιλοτεχνικός Όμιλος Χίου, |c 1981 | ||
| 300 | |a 246 σ. | ||
| 600 | 1 | 0 | |a Μαδιάς, Γεώργιος Η., |d 1878-1950. |
| 852 | |a INST |b CHIOS |e 20000801 |h 920 ΣΠΑ |p 005200015768 |q 005200015768 |t BK |y 0 | ||
| 901 | |a BIBL2-2002-2 | ||
| 909 | |a X |b 100002 | ||
| 970 | |a ΠΟΥΛΑΚΗ |b ΣΤΕΛΛΑ |z 2002/06/13 | ||